Le Muse - Statistics

Statistiche generali
  • Questo quiz è stato fatto 9 volte
  • Il punteggio medio è 4 su 9
Statistiche sulle risposte
Arte Iconografia Risposta % Corretto
Poesia epica Tavoletta o rotolo Calliope
100%
Storia Pergamena Clio
44%
Commedia Bastone o maschera Talia
44%
Danza Lira Tersicore
44%
Astronomia Globo celeste Urania
44%
Poesia amorosa Cetra Erato
33%
Tragedia Maschera Melpomene
33%
Danza rituale e canto sacro Polimnia
33%
Musica Flauto o tibie Euterpe
22%
Nessun quiz corrispondente trovato
Distribuzione punteggi
Percentuale di utenti per punteggio
Percentile per numero di risposta
I tuoi punteggi nel tempo
Non hai fatto questo quiz